Numerical analysis (Record no. 181144)
[ view plain ]
| 000 -LEADER | |
|---|---|
| fixed length control field | 00460 a2200193 4500 |
| 003 - CONTROL NUMBER IDENTIFIER | |
| control field | Nust |
| 005 - DATE AND TIME OF LATEST TRANSACTION | |
| control field | 20170207153205.0 |
| 010 ## - LIBRARY OF CONGRESS CONTROL NUMBER | |
| LC control number | 76014658 |
| 020 ## - INTERNATIONAL STANDARD BOOK NUMBER | |
| International Standard Book Number | |
| 040 ## - CATALOGING SOURCE | |
| Transcribing agency | Nust |
| 082 00 - DEWEY DECIMAL CLASSIFICATION NUMBER | |
| Classification number | 519.4 |
| 100 1# - MAIN ENTRY--PERSONAL NAME | |
| Personal name | R .Gupta |
| 245 10 - TITLE STATEMENT | |
| Title | Numerical analysis |
| Statement of responsibility, etc. | R .Gupta |
| 260 ## - PUBLICATION, DISTRIBUTION, ETC. | |
| Place of publication, distribution, etc. | India. : |
| Name of publisher, distributor, etc. | Anmol Pub. Co., |
| Date of publication, distribution, etc. | c2000. |
| 300 ## - PHYSICAL DESCRIPTION | |
| Extent | xi, 382 p. : |
| Other physical details | ill. ; |
| Dimensions | 25 cm. |
| 500 ## - GENERAL NOTE | |
| General note | Includes index. |
| 650 #0 - SUBJECT ADDED ENTRY--TOPICAL TERM | |
| Topical term or geographic name entry element | Numerical analysis. |
| 700 1# - ADDED ENTRY--PERSONAL NAME | |
| Personal name | Riess, R. Dean |
| Dates associated with a name | 1940- |
| 942 ## - ADDED ENTRY ELEMENTS (KOHA) | |
| Source of classification or shelving scheme | |
| Koha item type | Book |
| Withdrawn status | Lost status | Source of classification or shelving scheme | Damaged status | Not for loan | Permanent Location | Current Location | Date acquired | Total Checkouts | Full call number | Barcode | Checked out | Date last seen | Date last checked out | Price effective from | Koha item type |
|---|---|---|---|---|---|---|---|---|---|---|---|---|---|---|---|
| Military College of Signals (MCS) | Military College of Signals (MCS) | 12/12/2016 | 1 | 519.4 GUP | MCS27811 | 07/26/2025 | 06/26/2025 | 06/26/2025 | 12/12/2016 | Book |
